00554nam a2200229Ia 4500003000400000005001700004008004100021020001800062040000700080041000800087082001500095100001700110245004700127250000600174260002500180300001500205365001200220650002300232650002800255700002300283710001800306OSt20250726101949.0210719s2018 xx 000 0 und d a9788131719275 cAL aeng a519.5 NEWS aPaul Newbold aStatistics for business and economics Ed 6 a6 aNoidabPearsonc2018 axx,988bPB b995cRs aBusiness Economics aMathematical Statistics aCarlson, William L aThorne, Betty